| 000 | 01344nam0a22002531i 4500 | ||
|---|---|---|---|
| 001 | rc\4892175 | ||
| 005 | 20240724171346.0 | ||
| 021 |
_aRU _b[66-66922] |
||
| 035 | _a(NLR Aleph) 008923335 | ||
| 090 |
_a8838197 _c8838197 |
||
| 100 | _a20130426d1966 |||y0rusy50 ca | ||
| 101 | 0 | _arus | |
| 102 | _aRU | ||
| 105 | _ay d ||||| | ||
| 200 | 1 |
_aВлияние промышленного аэрозоля стрептомицина на верхние дыхательные пути рабочих _e(Клинико-эксперим. исследование) _eАвтореферат дис. на соискание ученой степени кандидата медицинских наук _fКиевский мед. ин-т им. А.А. Богомольца. Киевский ин-т гигиены труда и профзаболеваний |
|
| 210 |
_aКиев _d1966 |
||
| 215 | _a20 с. | ||
| 606 |
_aДыхательные пути верхние _xДействие лекарственных веществ, биопрепаратов и ядов _2psbo |
||
| 606 |
_aСтрептомицин _xПроизводство _xСанитарно-клиническая характеристика _2psbo |
||
| 700 | 1 |
_aЮрина _bР.В. |
|
| 801 | 0 |
_aRU _bNLR _gpsbo |
|
| 801 | 1 |
_aRU _bELAR _2rusmarc |
|
| 852 |
_aNLR _j66-6/11019 |
||
| 942 | _cBOOK | ||